[Event "Geneve op"]
[Site "Geneve"]
[Date "2005.01.30"]
[Round "9"]
[White "Nabavi, Parwis"]
[Black "Buehler, Beat"]
[Result "1/2-1/2"]
[WhiteElo "2177"]
[BlackElo "2227"]
[PlyCount "175"]
[EventDate "2005.01.22"]
[EventType "swiss"]
[EventRounds "9"]
[EventCountry "SUI"]
[SourceTitle "CBM 104 Extra"]
[Source "ChessBase"]
[SourceDate "2005.03.01"]
[SourceVersion "1"]
[SourceVersionDate "2005.03.01"]
[SourceQuality "1"]

1. d4 Nf6 2. c4 e6 3. Nf3 Bb4+ 4. Bd2 Qe7 5. g3 b6 6. Bg2 Bb7 7. 0-0 Bxd2 8. Nbxd2 0-0 9. Qc2 d6 10. e4 e5 11. Rfe1 Nbd7 12. Rad1 c5 13. dxe5 dxe5 14. Nb1 Nb8 15. Nc3 Nc6 16. Nd5 Qd8 17. Qc1 Re8 18. a3 Nd4 19. Nxd4 exd4 20. b4 Nd7 21. f4 Rc8 22. Qd2 Nf8 23. Rb1 Bc6 24. a4 Ng6 25. a5 Ne7 26. b5 Bd7 27. Nxe7+ Rxe7 28. Ra1 Be6 29. Bf1 f6 30. Ra3 Qe8 31. Kf2 Bf7 32. Bd3 Qd7 33. Kg2 Rce8 34. Qe2 Bg6 35. Qf3 Bf5 36. a6 Qc8 37. Kf2 Qa8 38. e5 Bxd3 39. Rxd3 Qxf3+ 40. Rxf3 fxe5 41. fxe5 Rxe5 42. Rxe5 Rxe5 43. g4 Re6 44. g5 h6 45. Rf5 hxg5 46. Rxg5 Kf7 47. h4 Rd6 48. Ke2 d3+ 49. Kd2 Rd4 50. h5 Rxc4 51. Kxd3 Rb4 52. Rd5 Ke6 53. Rg5 Kf6 54. Rg6+ Kf7 55. Rc6 Rxb5 56. Rc7+ Kg8 57. Rxa7 Rb4 58. Rb7 Kh7 59. Rb8 Ra4 60. Rxb6 c4+ 61. Kc3 Kg8 62. Rb8+ Kh7 63. Rb6 Kg8 64. Rc6 Kh7 65. Kd4 Kg8 66. Kc5 c3 67. Kb6 Ra3 68. a7 Kh7 69. Rxc3 Rxc3 70. a8Q Rg3 71. Qe8 Rg1 72. Kc5 Rc1+ 73. Kd4 Rd1+ 74. Kc3 Rd6 75. Qe4+ Kh8 76. Qe5 Rf6 77. Kd4 Kh7 78. Qg5 Kh8 79. Ke5 Kg8 80. Qg4 Kh8 81. Qc8+ Kh7 82. Qe8 Rb6 83. Kf5 Rf6+ 84. Kg5 Rh6 85. Qe4+ Kh8 86. Kf5 Rf6+ 87. Ke5 Rh6 88. Qa8+ 1/2-1/2

[Event "Geneve op"]
[Site "Geneve"]
[Date "2005.01.24"]
[Round "3"]
[White "Maze, Sebastien"]
[Black "Buehler, Beat"]
[Result "1-0"]
[WhiteElo "2455"]
[BlackElo "2227"]
[PlyCount "77"]
[EventDate "2005.01.22"]
[EventType "swiss"]
[EventRounds "9"]
[EventCountry "SUI"]
[SourceTitle "CBM 104 Extra"]
[Source "ChessBase"]
[SourceDate "2005.03.01"]
[SourceVersion "1"]
[SourceVersionDate "2005.03.01"]
[SourceQuality "1"]

1. e4 c5 2. Nf3 d6 3. Bb5+ Nc6 4. 0-0 e6 5. Bxc6+ bxc6 6. e5 d5 7. d3 Ne7 8. b3 Ng6 9. g3 Be7 10. Bb2 0-0 11. Nbd2 Bd7 12. h4 f6 13. Re1 Nxe5 14. Nxe5 fxe5 15. Bxe5 Bf6 16. f4 Be8 17. Qg4 Bf7 18. Bxf6 Qxf6 19. Re5 a5 20. a4 Rab8 21. Rae1 Rb4 22. Qf3 Qd8 23. Qf2 Qd6 24. R5e3 h6 25. Nf3 c4 26. dxc4 dxc4 27. Ne5 cxb3 28. Rd3 Qc7 29. cxb3 Be8 30. Qe3 Rf5 31. Nc4 Rd5 32. Rc3 Bf7 33. Ne5 Rd6 34. Rec1 Qb7 35. Nxc6 Rxc6 36. Rxc6 Rxb3 37. Qe4 Qa7+ 38. Kh1 Qe7 39. Rc7 1-0

[Event "Geneve op"]
[Site "Geneve"]
[Date "2004.01.25"]
[Round "2"]
[White "Buehler, Beat"]
[Black "Jagstaidt, Patrick"]
[Result "1-0"]
[WhiteElo "2232"]
[BlackElo "2086"]
[PlyCount "85"]
[EventDate "2004.01.24"]
[EventType "swiss"]
[EventRounds "9"]
[EventCountry "SUI"]
[SourceTitle "CBM 098 Extra"]
[Source "ChessBase"]
[SourceDate "2004.03.10"]
[SourceVersion "2"]
[SourceVersionDate "2004.03.10"]
[SourceQuality "1"]

1. d4 d5 2. Nf3 Bf5 3. Bf4 e6 4. c3 Bd6 5. Bxd6 Qxd6 6. e3 Nf6 7. Nbd2 Nbd7 8. Be2 h6 9. 0-0 0-0 10. Nh4 Bh7 11. f4 g5 12. fxg5 hxg5 13. Qe1 gxh4 14. Qxh4 Kg7 15. Rf3 Rh8 16. h3 Bg6 17. Qf2 e5 18. Rf1 e4 19. Rf4 Raf8 20. h4 Qe6 21. g4 Ne8 22. h5 Bh7 23. g5 f5 24. Qg3 Rhg8 25. R1f2 Kf7 26. g6+ Ke7 27. Qg5+ Kd6 28. Rxf5 Rxf5 29. Qxf5 Qxf5 30. Rxf5 Rg7 31. c4 c6 32. Kh2 Bg8 33. c5+ Ke7 34. Nf1 Be6 35. Rf4 Nef6 36. Ng3 Ng8 37. Bg4 Nh6 38. Bxe6 Kxe6 39. Kh3 Ng8 40. Nf5 Re7 41. Nxe7 Nxe7 42. Kg4 Nf6+ 43. Kg5 1-0

[Event "Geneve op 17th"]
[Site "Geneve"]
[Date "2001.01.27"]
[Round "8"]
[White "Buehler, Beat"]
[Black "Lukasiewicz, Grzegorz"]
[Result "1-0"]
[WhiteElo "2222"]
[BlackElo "2308"]
[PlyCount "91"]
[EventDate "2001.01.20"]
[EventType "swiss"]
[EventRounds "9"]
[EventCountry "SUI"]
[SourceTitle "EXT 2002"]
[Source "ChessBase"]
[SourceDate "2001.11.25"]
[SourceVersion "1"]
[SourceVersionDate "2001.11.25"]
[SourceQuality "1"]

1. d4 d5 2. Nf3 c6 3. e3 Bf5 4. c4 e6 5. Nc3 Nf6 6. Be2 h6 7. 0-0 Nbd7 8. b3 Bd6 9. Bb2 0-0 10. Re1 Qe7 11. Nd2 Rfd8 12. Bf3 Ba3 13. Bxa3 Qxa3 14. Qc1 Qd6 15. Qb2 Bg4 16. h3 Bf5 17. Rad1 a5 18. a3 Qe7 19. cxd5 exd5 20. b4 axb4 21. axb4 Ne4 22. Bxe4 Bxe4 23. Ncxe4 dxe4 24. Ra1 Nf6 25. Qc3 Qe6 26. Rxa8 Rxa8 27. Ra1 Ra2 28. Rxa2 Qxa2 29. Qc1 g6 30. Nf1 Qb3 31. Qc5 Nd5 32. Ng3 h5 33. Qd6 Qb1+ 34. Kh2 Nxb4 35. Qb8+ Kg7 36. Qe5+ Kh7 37. Nxe4 Qb3 38. Nf6+ Kh6 39. Ne4 Kh7 40. Nf6+ Kh6 41. g4 hxg4 42. hxg4 Qb2 43. g5+ Kg7 44. Ng4+ Kf8 45. Qd6+ Kg7 46. Qf6+ 1-0

[Event "Geneve op 17th"]
[Site "Geneve"]
[Date "2001.01.20"]
[Round "1"]
[White "Epishin, Vladimir"]
[Black "Buehler, Beat"]
[Result "1-0"]
[WhiteElo "2578"]
[BlackElo "2222"]
[PlyCount "61"]
[EventDate "2001.01.20"]
[EventType "swiss"]
[EventRounds "9"]
[EventCountry "SUI"]
[SourceTitle "EXT 2002"]
[Source "ChessBase"]
[SourceDate "2001.11.25"]
[SourceVersion "1"]
[SourceVersionDate "2001.11.25"]
[SourceQuality "1"]

1. d4 Nf6 2. c4 e6 3. Nc3 Bb4 4. e3 0-0 5. Nge2 d5 6. a3 Bd6 7. c5 Be7 8. b4 b6 9. Rb1 c6 10. Ng3 a5 11. Be2 axb4 12. axb4 bxc5 13. dxc5 Ba6 14. 0-0 Bxe2 15. Ncxe2 Ne8 16. e4 Nc7 17. Qc2 Nb5 18. Rb3 Nd7 19. f4 dxe4 20. f5 e5 21. Bb2 Qc7 22. Qxe4 Rfe8 23. Nh5 Nf6 24. Nxf6+ Bxf6 25. Ng3 Rad8 26. Nh5 Rd5 27. Rg3 Kf8 28. Rxg7 Bxg7 29. f6 Re6 30. Qxh7 Bxf6 31. Nxf6 1-0

[Event "Bayern-chI Bank Hofmann 4th"]
[Site "Bad Wiessee"]
[Date "2000.11.05"]
[Round "9"]
[White "Schnur, Gerhard"]
[Black "Buehler, Beat"]
[Result "1-0"]
[WhiteElo "2124"]
[BlackElo "2238"]
[PlyCount "133"]
[EventDate "2000.10.28"]
[EventType "swiss"]
[EventRounds "9"]
[EventCountry "GER"]
[SourceTitle "EXT 2003"]
[Source "ChessBase"]
[SourceDate "2002.11.25"]
[SourceVersion "1"]
[SourceVersionDate "2002.11.25"]
[SourceQuality "1"]

1. d4 Nf6 2. c4 e6 3. Nc3 Bb4 4. e3 0-0 5. Bd3 d5 6. Nf3 dxc4 7. Bxc4 c5 8. 0-0 cxd4 9. exd4 a6 10. a3 Bxc3 11. bxc3 Qc7 12. Qd3 b5 13. Ba2 Bb7 14. Re1 Nbd7 15. Bd2 Bd5 16. Bxd5 Nxd5 17. a4 Qc4 18. Qxc4 bxc4 19. Rab1 Rfb8 20. Kf1 Kf8 21. Ke2 Ke7 22. Rec1 f6 23. Kd1 N7b6 24. Ra1 Nc8 25. Rab1 Nd6 26. Kc2 Ne4 27. Be1 Nf4 28. Nd2 Nxd2 29. Bxd2 Nd3 30. Rf1 Kd7 31. g3 Kc8 32. Bf4 Rxb1 33. Rxb1 Nxf4 34. gxf4 Rb8 35. Rb4 g5 36. Rxc4+ Kd7 37. fxg5 fxg5 38. Rb4 Rf8 39. Rb7+ Kc6 40. Rxh7 Rxf2+ 41. Kb3 g4 42. Rh5 Rf6 43. Rg5 Rh6 44. Rxg4 Rxh2 45. Rg5 Rh6 46. Rc5+ Kb6 47. a5+ Kb7 48. Kc4 Rh3 49. Re5 Rh6 50. Kc5 Kc7 51. Rg5 Rh7 52. c4 Rf7 53. d5 exd5 54. cxd5 Rf1 55. Rg7+ Kc8 56. Ra7 Rf6 57. d6 Rf1 58. Rxa6 Rc1+ 59. Kb6 Rb1+ 60. Kc5 Rc1+ 61. Kb4 Kd7 62. Rb6 Rb1+ 63. Kc5 Rc1+ 64. Kb5 Rc8 65. a6 Ra8 66. Rb7+ Kxd6 67. a7 1-0

[Event "Bayern-chI Bank Hofmann 4th"]
[Site "Bad Wiessee"]
[Date "2000.10.29"]
[Round "2"]
[White "Buehler, Beat"]
[Black "Schneider, Andreas"]
[Result "1/2-1/2"]
[WhiteElo "2238"]
[BlackElo "2091"]
[PlyCount "101"]
[EventDate "2000.10.28"]
[EventType "swiss"]
[EventRounds "9"]
[EventCountry "GER"]
[SourceTitle "EXT 2003"]
[Source "ChessBase"]
[SourceDate "2002.11.25"]
[SourceVersion "1"]
[SourceVersionDate "2002.11.25"]
[SourceQuality "1"]

1. d4 d5 2. Nf3 Nf6 3. c4 c6 4. e3 Bf5 5. Nc3 e6 6. Bd3 Be7 7. 0-0 0-0 8. b3 Ne4 9. Bb2 Nxc3 10. Bxc3 Bxd3 11. Qxd3 f5 12. Ne5 Nd7 13. Nxd7 Qxd7 14. f4 b5 15. cxb5 cxb5 16. a3 Rfc8 17. Bb4 a6 18. Rfc1 Rc7 19. Bc5 Bxc5 20. Rxc5 Rxc5 21. dxc5 a5 22. Rc1 Qc6 23. Qd4 h6 24. Qe5 Rd8 25. b4 a4 26. h3 Kf7 27. Rf1 Rg8 28. g4 g6 29. Kh2 Qd7 30. Rc1 Rc8 31. Rd1 Qe7 32. gxf5 gxf5 33. Rg1 Rg8 34. Rxg8 Kxg8 35. Qb8+ Kf7 36. Kg3 Qf6 37. Qxb5 Qc3 38. Qd7+ Kf6 39. Kf3 Qd3 40. Qd8+ Kf7 41. Qh4 d4 42. Qe1 Qxa3 43. c6 Ke8 44. Kg2 Qxe3 45. Qd1 Qe4+ 46. Kg3 Qxc6 47. Qxd4 Qd5 48. Qb6 Qb3+ 49. Kh4 a3 50. Qc6+ Ke7 51. Qc7+ 1/2-1/2

[Event "Geneve op"]
[Site "Geneve"]
[Date "1999.01.27"]
[Round "5"]
[White "Buehler, Beat"]
[Black "Olivier, Jean Christophe"]
[Result "1-0"]
[WhiteElo "2184"]
[BlackElo "2417"]
[PlyCount "105"]
[EventDate "1999.01.23"]
[EventType "swiss"]
[EventRounds "7"]
[EventCountry "SUI"]
[SourceTitle "CBM 068 Extra"]
[Source "ChessBase"]
[SourceDate "1999.03.01"]
[SourceVersion "1"]
[SourceVersionDate "1999.03.01"]
[SourceQuality "1"]

1. d4 Nf6 2. c4 e6 3. Nf3 c5 4. Nc3 cxd4 5. Nxd4 Bb4 6. Bd2 0-0 7. e3 d5 8. cxd5 exd5 9. Be2 Nc6 10. 0-0 Bd6 11. Bf3 Be5 12. Nce2 Qd6 13. g3 Bh3 14. Bg2 Bxg2 15. Kxg2 Ne4 16. Bc3 Rac8 17. Nxc6 bxc6 18. Bxe5 Qxe5 19. Qd4 Qf5 20. b4 Rfe8 21. Ng1 c5 22. bxc5 Rxc5 23. Nf3 Rc2 24. Qa4 Rec8 25. Rac1 R2c4 26. Qa5 h6 27. Rxc4 Rxc4 28. Qxa7 Rc2 29. Qa4 Qc8 30. Qb3 Qc4 31. Qb8+ Kh7 32. Qf4 Kg8 33. Qb8+ Kh7 34. Qf4 Nf6 35. Qf5+ Kg8 36. Rb1 Qc7 37. Rb8+ Qxb8 38. Qxc2 Qb4 39. a4 g6 40. Qa2 Qe4 41. Qa1 Qe6 42. Qe5 Qa6 43. Qe7 d4 44. exd4 Qc6 45. d5 Nxd5 46. Qxf7+ Kh8 47. a5 g5 48. h3 Qc4 49. Qf8+ Kh7 50. Qf5+ Kh8 51. Qe5+ Kg8 52. a6 Qc6 53. Qb8+ 1-0

[Event "Geneve op"]
[Site "Geneve"]
[Date "1999.01.26"]
[Round "4"]
[White "Graf, Alexander"]
[Black "Buehler, Beat"]
[Result "1-0"]
[WhiteElo "2616"]
[BlackElo "2184"]
[PlyCount "87"]
[EventDate "1999.01.23"]
[EventType "swiss"]
[EventRounds "7"]
[EventCountry "SUI"]
[SourceTitle "CBM 068 Extra"]
[Source "ChessBase"]
[SourceDate "1999.03.01"]
[SourceVersion "1"]
[SourceVersionDate "1999.03.01"]
[SourceQuality "1"]

1. d4 Nf6 2. c4 e6 3. Nc3 Bb4 4. e3 0-0 5. Nge2 d5 6. a3 Be7 7. Ng3 Nbd7 8. cxd5 exd5 9. b4 c6 10. Bd3 Re8 11. 0-0 Nf8 12. b5 cxb5 13. Bxb5 Bd7 14. a4 Bb4 15. Nce2 Bxb5 16. axb5 Qd7 17. Qd3 Bd6 18. Ba3 Bxg3 19. Nxg3 Ne6 20. Rfc1 Rec8 21. Nf5 Rxc1+ 22. Rxc1 Kh8 23. f3 Rc8 24. Ra1 Ra8 25. e4 Ne8 26. Rb1 Rd8 27. Kh1 Ra8 28. h3 Nf6 29. Bd6 Ne8 30. Bg3 Nf6 31. Be5 Ne8 32. Qa3 f6 33. exd5 Qxd5 34. Ne3 Qd8 35. d5 fxe5 36. dxe6 Nf6 37. e7 Qb6 38. Rd1 h6 39. Nd5 Nxd5 40. Rxd5 Re8 41. Rxe5 a6 42. Rf5 Rg8 43. Rf8 Qxb5 44. Qa2 1-0

[Event "Mendrisio op"]
[Site "Mendrisio"]
[Date "1999.??.??"]
[Round "6"]
[White "Meszaros, Andras"]
[Black "Buehler, Beat"]
[Result "1-0"]
[WhiteElo "2336"]
[BlackElo "2184"]
[PlyCount "51"]
[EventDate "1999.??.??"]
[EventType "swiss"]
[EventRounds "7"]
[EventCountry "SUI"]
[SourceTitle "EXT 2000"]
[Source "ChessBase"]
[SourceDate "1999.11.16"]
[SourceVersion "1"]
[SourceVersionDate "1999.11.16"]
[SourceQuality "1"]

1. e4 c5 2. Nf3 d6 3. d4 cxd4 4. Nxd4 Nf6 5. Nc3 Nc6 6. Bc4 Qb6 7. Nb3 e6 8. Bg5 Be7 9. Bxf6 gxf6 10. Qh5 Ne5 11. Be2 Bd7 12. f4 Ng6 13. Rf1 0-0-0 14. g3 Bc6 15. 0-0-0 Kb8 16. Kb1 Ka8 17. Rd3 Qc7 18. Rfd1 Rc8 19. R3d2 Qb6 20. Na5 d5 21. exd5 exd5 22. Nb3 Rcd8 23. Nxd5 Bxd5 24. Rxd5 Rxd5 25. Qxd5 Qe6 26. Bf3 1-0

[Event "Geneve op"]
[Site "Geneve"]
[Date "1997.??.??"]
[Round "9"]
[White "Buehler, Beat"]
[Black "Gallagher, Joseph G"]
[Result "0-1"]
[WhiteElo "2160"]
[BlackElo "2545"]
[PlyCount "68"]
[EventDate "1997.01.??"]
[EventType "swiss"]
[EventRounds "9"]
[EventCountry "SUI"]
[SourceTitle "EXT 1998"]
[Source "ChessBase"]
[SourceDate "1997.11.17"]
[SourceVersion "1"]
[SourceVersionDate "1997.11.17"]
[SourceQuality "1"]

1. Nf3 Nf6 2. d4 g6 3. g3 Bg7 4. Bg2 0-0 5. 0-0 d6 6. c4 Nbd7 7. b3 e5 8. Bb2 exd4 9. Bxd4 Re8 10. e3 Qe7 11. Nc3 c6 12. Qd2 Ne5 13. Ne2 Bf5 14. Rad1 a5 15. Nxe5 dxe5 16. Bb2 a4 17. Nc1 Ne4 18. Qe2 h5 19. Bxe4 Bxe4 20. f3 Bf5 21. e4 Bh3 22. Rfe1 axb3 23. axb3 b5 24. cxb5 cxb5 25. Rd5 b4 26. Nd3 Ra2 27. Nc1 Qa7+ 28. Kh1 Ra5 29. Rxa5 Qxa5 30. Rd1 Rc8 31. Rd5 Qa7 32. Qd2 Kh7 33. Nd3 Qa2 34. Nxb4 Qb1+ 0-1

[Event "Geneve op"]
[Site "Geneve"]
[Date "1997.??.??"]
[Round "5"]
[White "Hobuss, Udo"]
[Black "Buehler, Beat"]
[Result "1-0"]
[WhiteElo "2410"]
[BlackElo "2160"]
[PlyCount "67"]
[EventDate "1997.01.??"]
[EventType "swiss"]
[EventRounds "9"]
[EventCountry "SUI"]
[SourceTitle "EXT 1998"]
[Source "ChessBase"]
[SourceDate "1997.11.17"]
[SourceVersion "1"]
[SourceVersionDate "1997.11.17"]
[SourceQuality "1"]

1. Nf3 Nf6 2. c4 e6 3. Nc3 d5 4. d4 c6 5. e3 Bd6 6. Bd3 Nbd7 7. 0-0 0-0 8. e4 dxc4 9. Bxc4 e5 10. Bg5 Qe7 11. Re1 Nb6 12. Be2 h6 13. Bh4 Nbd7 14. Qd2 Re8 15. Rad1 exd4 16. Nxd4 Nf8 17. Nf3 Be5 18. Nxe5 Qxe5 19. f4 Qc5+ 20. Bf2 Qe7 21. h3 N6d7 22. e5 Nb6 23. Ne4 Be6 24. Nd6 Red8 25. b3 Bd5 26. Bd3 Nc8 27. Nf5 Qc7 28. Bh4 Re8 29. Nxg7 Kxg7 30. Bf6+ Kg8 31. f5 Kh7 32. Bg7 Ng6 33. Qxh6+ Kg8 34. Bf6 1-0